Online
Catalog

Los clones de Albariño (Vitis vinifera L.) seleccionados en el Consejo Superior de Investigaciones Científicas / (Record no. 40695)

MARC details
000 -CABECERA
campo de control de longitud fija 00997nam a2200229 a 4500
001 - NÚMERO DE CONTROL
campo de control 000041205
005 - FECHA Y HORA DE LA ÚLTIMA TRANSACCIÓN
campo de control 20240305091016.0
008 - DATOS DE LONGITUD FIJA--INFORMACIÓN GENERAL
campo de control de longitud fija 130925s2005 sp 000 0 spa d
020 ## - NÚMERO INTERNACIONAL ESTÁNDAR DEL LIBRO
Número Internacional Estándar del Libro 8400083237
040 ## - FUENTE DE LA CATALOGACIÓN
Centro catalogador/agencia de origen DO-SdBNP
Lengua de catalogación spa
Centro/agencia transcriptor BNPHU
100 1# - ENTRADA PRINCIPAL--NOMBRE DE PERSONA
Nombre de persona Martínez Rodríguez, Ma. del Carmen,
Forma completa/desarrollada del nombre (María del Carmen)
9 (RLIN) 67779
245 14 - MENCIÓN DE TÍTULO
Título Los clones de Albariño (Vitis vinifera L.) seleccionados en el Consejo Superior de Investigaciones Científicas /
Mención de responsabilidad, etc. María del Carmen Martínez Rodríguez, Susana Boso Alonso, José Luis Santiago Blanco.
260 ## - PUBLICACIÓN, DISTRIBUCIÓN, ETC.
Lugar de publicación, distribución, etc. Madrid :
Nombre del editor, distribuidor, etc. CSIC,
Fecha de publicación, distribución, etc. 2005.
300 ## - DESCRIPCIÓN FÍSICA
Extensión 143 p. :
Otras características físicas il. ;
Dimensiones 24 cm.
490 1# - MENCIÓN DE SERIE
Mención de serie Biblioteca de ciencias ;
Designación de volumen o secuencia 19
504 ## - NOTA DE BIBLIOGRAFÍA, ETC.
Nota de bibliografía, etc. Incluye referencias bibliográficas y notas al pie de las páginas
504 ## - NOTA DE BIBLIOGRAFÍA, ETC.
Nota de bibliografía, etc. Bibliografía : p. 123-126
700 1# - PUNTO DE ACCESO ADICIONAL--NOMBRE DE PERSONA
Nombre de persona Boso Alonso, Susana,
9 (RLIN) 67780
700 1# - PUNTO DE ACCESO ADICIONAL--NOMBRE DE PERSONA
Nombre de persona Santiago Blanco, José Luis,
9 (RLIN) 67781
710 2# - PUNTO DE ACCESO ADICIONAL--NOMBRE DE ENTIDAD CORPORATIVA
Nombre de entidad corporativa o nombre de jurisdicción como elemento de entrada Consejo Superior de Investigaciones Científicas,
9 (RLIN) 4786
830 10 - PUNTO DE ACCESO ADICIONAL DE SERIE-TÍTULO UNIFORME
Título uniforme Biblioteca de ciencias ;
Designación de volumen o secuencia 19
9 (RLIN) 38842
Holdings
Estado de retiro Estado de pérdida Restricciones de uso No para préstamo Código de colección Localización permanente Ubicación/localización actual Ubicación en estantería Fecha de adquisición Número de inventario Total de préstamos Signatura topográfica completa Código de barras Fecha visto por última vez Precio válido a partir de Tipo de ítem Koha
      Excluido de préstamo Monografías: Libros y Folletos General General En catalogación 25.09.2013 LF1   41205-10 25.06.2020 25.06.2020 No se presta

Powered by Koha